000 00298nam a2200109Ia 4500
008 171211s9999 xx 000 0 und d
245 _aPopular Stories of Ancient Egypt
245 _cHasan M. El-Shamy
260 _c2002
650 _xCULTURE
856 _uhttp://down.ebook777.com/062/1576076393.pdf
999 _c347829
_d347829